|
|
|
|
| LEADER |
00742cam a2200229 a 4500 |
| 001 |
0000065268 |
| 005 |
20031216090000.0 |
| 040 |
|
|
|a mod
|
| 041 |
|
|
|a eng
|
| 020 |
0 |
0 |
|a 8186104771
|
| 090 |
0 |
0 |
|a 658.4012
|b AND
|e 1998
|
| 100 |
1 |
0 |
|a Anderson
|h Alan H.
|
| 245 |
1 |
0 |
|a Result oriented organization behavior
|c Alan H. Anderson & Anna Kyprianou
|
| 260 |
0 |
0 |
|a New Delhi
|b Beacon Books
|c 1998
|
| 300 |
0 |
0 |
|a xxvii, 240p.
|b ill.
|c 21cm
|
| 440 |
0 |
0 |
|a Beacon's result oriented series
|
| 650 |
0 |
0 |
|a Industrial management
|
| 650 |
0 |
0 |
|a Organizational effectiveness
|
| 650 |
0 |
0 |
|a Strategic planning
|
| 700 |
1 |
1 |
|a Kyprianou
|h Anna
|
| 999 |
|
|
|a 0212637
|b 3 DIV
|d BOOKS
|e Umum
|f 3 DIV
|j AVAILABLE
|q GOOD CONDITION
|
| 999 |
|
|
|a 0222665
|b KTD
|d BOOKS
|e Umum
|f KTD
|j AVAILABLE
|q GOOD CONDITION
|